| 000 | 00372nam a2200145Ia 4500 | ||
|---|---|---|---|
| 008 | 230711s9999||||xx |||||||||||||| ||und|| | ||
| 041 | _aENG | ||
| 082 |
_a624 _bKR-O |
||
| 100 | _aKramer,Herbert J | ||
| 245 | 0 | _aObservation of the earth its environment | |
| 250 | _a1st | ||
| 260 |
_c1994 _aNew Delhi _bOxford University Press |
||
| 650 | _aCivil Engineering | ||
| 942 | _cBK | ||
| 999 |
_c3090 _d3090 |
||